Hurdling through the Great Recession: Winners and Losers among Post-communist EU Countries in Pro-poor Growth

Príspevok si kladie za cieľ vyhodnotiť rozdelenie ekonomického rastu medzi chudobnými a bohatšími postkomunistickými krajinami, ktoré pristúpili k Európskej únii v roku 2004. Výzvy integračného procesu. Popis a analýzy ďalších komplikácií, napríklad vypuknutie finančnej a hospodárskej krízy v roku 2...

Full description

Saved in:
Bibliographic Details
Main Author: Domonkos, Tomáš
Other Authors: Ostrihoň, Filip, König, Brian, 1983-
Format: Book Chapter
Language:English
Subjects:
Tags: Add Tag
No Tags, Be the first to tag this record!

MARC

LEADER 00000naa a2200000 4500
001 0272165
005 20240905112241.8
041 0 |a eng 
044 |a CH 
245 1 0 |a Hurdling through the Great Recession: Winners and Losers among Post-communist EU Countries in Pro-poor Growth  |c Tomáš Domonkos, Filip Ostrihoň, Brian König 
520 |a Príspevok si kladie za cieľ vyhodnotiť rozdelenie ekonomického rastu medzi chudobnými a bohatšími postkomunistickými krajinami, ktoré pristúpili k Európskej únii v roku 2004. Výzvy integračného procesu. Popis a analýzy ďalších komplikácií, napríklad vypuknutie finančnej a hospodárskej krízy v roku 2009. 
610 2 0 |a kríza hospodárska 
610 2 0 |a rast hospodársky 
610 2 0 |a chudoba 
610 2 0 |a príjmy 
610 2 0 |a Európska únia 
100 1 |a Domonkos, Tomáš 
700 1 |a Ostrihoň, Filip 
700 1 |a König, Brian, 1983-